Workshop technology.Part 3 / (Record no. 2925)
[ view plain ]
| 000 -LEADER | |
|---|---|
| fixed length control field | 00747nac a22002535a 4500 |
| 008 - FIXED-LENGTH DATA ELEMENTS--GENERAL INFORMATION | |
| fixed length control field | 150816r19861954ii3a f 001 0 eng d |
| 020 ## - INTERNATIONAL STANDARD BOOK NUMBER | |
| International Standard Book Number | 8123904726 |
| 022 ## - INTERNATIONAL STANDARD SERIAL NUMBER | |
| International Standard Serial Number | 0713136227 |
| 040 ## - CATALOGING SOURCE | |
| Original cataloging agency | EG-ScBUE |
| Language of cataloging | eng |
| Transcribing agency | EG-ScBUE |
| 082 04 - DEWEY DECIMAL CLASSIFICATION NUMBER | |
| Classification number | 621.75 |
| Item number | CHA |
| Edition number | 22 |
| 100 1# - MAIN ENTRY--PERSONAL NAME | |
| Personal name | Chapman, W. A. J. |
| 245 10 - TITLE STATEMENT | |
| Title | Workshop technology.Part 3 / |
| Remainder of title | W.A.J. Chapman. |
| 250 ## - EDITION STATEMENT | |
| Edition statement | 3rd ed. |
| 260 ## - PUBLICATION, DISTRIBUTION, ETC. (IMPRINT) | |
| Place of publication, distribution, etc | New Delhi : |
| Name of publisher, distributor, etc | CBS Publishers and Distributors, |
| Date of publication, distribution, etc | 1986. |
| 300 ## - PHYSICAL DESCRIPTION | |
| Extent | 674p. : |
| Other physical details | ill; |
| Dimensions | 20cm. |
| 500 ## - GENERAL NOTE | |
| General note | Index : p. 669-675 |
| 590 ## - LOCAL NOTE (RLIN) | |
| Local note | Catalogued by : Mostafa El-Helaly |
| 650 ## - SUBJECT ADDED ENTRY--TOPICAL TERM | |
| Topical term or geographic name as entry element | Workshops. |
| Source of heading or term | BUEsh |
| 650 ## - SUBJECT ADDED ENTRY--TOPICAL TERM | |
| Topical term or geographic name as entry element | Workshop practice |
| Source of heading or term | BUEsh |
| 651 ## - SUBJECT ADDED ENTRY--GEOGRAPHIC NAME | |
| Source of heading or term | BUEsh |
| 653 ## - INDEX TERM--UNCONTROLLED | |
| Arrived date list | August2015 |
| 700 ## - ADDED ENTRY--PERSONAL NAME | |
| Personal name | Chapman, W. A. J. |
| Relator term | author. |
| 942 ## - ADDED ENTRY ELEMENTS (KOHA) | |
| Item type | Book - Borrowing |
| Call number prefix | 670.423CHA |
| Source of classification or shelving scheme | Dewey Decimal Classification |
| Withdrawn status | Item status | Source of classification or shelving scheme | Damaged status | Not for loan | Home library | Current library | Shelving location | Date acquired | Source of acquisition | Total Checkouts | Full call number | Barcode | Date last seen | Koha item type | Date last borrowed | Vendor | Cost, normal purchase price | Serial Enumeration / chronology |
|---|---|---|---|---|---|---|---|---|---|---|---|---|---|---|---|---|---|---|
| Dewey Decimal Classification | Central Library | Central Library | First floor | 07/03/2012 | Purchase | 621.75 CHA | 000001175 | 15/07/2025 | Book - Borrowing | |||||||||
| Dewey Decimal Classification | Central Library | Central Library | First floor | 07/03/2012 | Purchase | 1 | 621.75 CHA | 000001176 | 15/07/2025 | Book - Borrowing | 29/03/2009 | |||||||
| Dewey Decimal Classification | Central Library | Central Library | First floor | 08/04/2014 | Purchase | 621.75 CHA | 000011051 | 15/07/2025 | Book - Borrowing | |||||||||
| Dewey Decimal Classification | Central Library | Central Library | First floor | 08/03/2010 | Purchase | 621.75 CHA | 000010311 | 15/07/2025 | Book - Borrowing | |||||||||
| Dewey Decimal Classification | Central Library | Central Library | First floor | 09/02/2009 | 621.75 CHA | 000014735 | 15/07/2025 | NB - Book (Non borrowing) | Alahram | 64.00 | 06387 | |||||||
| Dewey Decimal Classification | Central Library | Central Library | First floor | 07/06/2009 | 621.75 CHA | 000016153 | 15/07/2025 | Book - Borrowing | Alahram | 64.00 | 358 |